| 000 | 00751nam a22002057a 4500 | ||
|---|---|---|---|
| 003 | BD-DhUL | ||
| 005 | 20180411151145.0 | ||
| 008 | 180411s2018 bg a|||| |||| 000 0 ben | ||
| 020 | _a97898493279267 | ||
| 040 |
_aBD-DhUL _cBD-DhUL |
||
| 082 |
_a891.443081 _bSAE |
||
| 100 | 1 | _aসরকার, নারায়ণ। | |
| 245 | 0 | 0 |
_aএকাত্তরের বাস্তুচ্যুত শৈশব / _cসরকার, নারায়ণ। |
| 260 |
_aঢাকা : _bমেরিট ফেয়ার, _c২০১৮। |
||
| 300 |
_a৮৪ পৃ. : _bচিত্র ; _c২২ সেমি |
||
| 365 |
_aBDT _b150 |
||
| 650 | 0 | _aবাংলা উপন্যাস। | |
| 650 | 0 | _aBengali fiction. | |
| 942 |
_2ddc _cBK |
||
| 999 |
_c240302 _d240302 |
||